01017nam a2200241 a 450000100100000000500170001000800410002704000250006808200160009311000860010924501140019526000690030930000360037849000260041450000730044070000260051370000230053970000400056283000330060204900090063595201140064499900170075800002187920200930011503.0100914s19uu xxu 001 0 spa d aDO-SdBNPbspacBNPHU axxxxbE792m1 aEstados UnidosbSecretaría de AgriculturabOficina de Industria Lechera.94540810aManual de lechería para la América tropical /cH. E. Hodgson y O. E. Reed ; prólogo Charles F. Brannan. aWashington :bSecretaría de Estado de Estados Unidos,c[195?]. a370 p. :bil., retrs. ;c24 cm.1 aPublicación TCv280 aIncluye referencias bibliográficas y notas al pie de las páginas1 aHodgson, H. E.9454091 aReed, O. E.9454101 aBrannan, Charles F.epról.945411 0aPublicación TCv280945412 aBNPD 001050718MOaPDbPDcCTd2010-09-14iLF1l0oxxxx E792mp21879-10r2020-06-25w2020-06-25y1ZNo se presta c21377d21377